Book to Country - Statistics

General Stats
  • This quiz has been taken 42 times
  • The average score is 13 of 15
Answer Stats
Book Country % Correct
Harry Potter United Kingdom
100%
Death on the Nile Egypt
92%
The Iliad Greece
92%
Romeo and Juliet Italy
92%
Don Quixote Spain
90%
The Great Gatsby United States
90%
The Count of Monte Cristo France
87%
Crime and Punishment Russia
85%
To Kill a Mockingbird United States
85%
Life of Pi India
79%
The Girl with the Dragon Tattoo Sweden
79%
The Art of War China
77%
A Tale of Two Cities France
74%
Anne of Green Gables Canada
69%
United Kingdom
69%
No matching quizzes found
Score Distribution
Percent of People with Each Score
Percentile by Number Answered
Your Score History
You have not taken this quiz